| 000 | 00304nam a22001097a 4500 | ||
|---|---|---|---|
| 008 | 230606b xxu||||| |||| 00| 0 eng d | ||
| 082 |
_a338.9 _bMWA |
||
| 245 |
_aCDF The Constituency Fund _bFor Development or Campaigns _cYAA/FES |
||
| 260 |
_aKenya _bYAA/FES _cJune, 2007 |
||
| 300 | _aii, 19 p | ||
| 942 |
_2ddc _cBK |
||
| 999 |
_c520 _d520 |
||